Case-Based Reasoning
Αποθηκεύτηκε σε:
| Κύριος συγγραφέας: | |
|---|---|
| Μορφή: | Βιβλίο |
| Γλώσσα: | English |
| Δημοσίευση: |
San Mateo :
Morgan-Kaufnan ,
c1993
|
| Θέματα: | |
| Ετικέτες: |
Προσθήκη ετικέτας
Δεν υπάρχουν, Καταχωρήστε ετικέτα πρώτοι!
|
MARC
| LEADER | 00000nam a2200000 i 4500 | ||
|---|---|---|---|
| 001 | 1/51327 | ||
| 008 | 950925s1993 eng d | ||
| 020 | |a 1-55860-237-2 | ||
| 035 | |1 ΕΛΗ |a 1995 |c ΒΟΥΡΟΣ |l 10044112 | ||
| 040 | |a GR-MY-UA |b gre |e aacr | ||
| 041 | 0 | |a eng | |
| 082 | 0 | |a 006.33 | |
| 100 | 1 | |a Kolodner, Janet. | |
| 245 | 1 | 0 | |a Case-Based Reasoning / |c Janet Kolodner |
| 260 | |a San Mateo : |b Morgan-Kaufnan , |c c1993 | ||
| 300 | |a 668 p.; |c 24 cm. | ||
| 500 | |a Includes bibliographical references and index | ||
| 650 | 0 | 0 | |a Expert systems (Computer science) |
| 852 | |a INST |b SAMOS |e 19950925 |h 006.33 KOL |p 005300009865 |q 005300009865 |t BK |y 0 | ||
| 909 | |a Σ |b 044800 | ||